台南老店散步 : (Record no. 7667)
[ view plain ]
| 000 -LEADER | |
|---|---|
| fixed length control field | 00827cam a22002892i 4500 |
| 001 - CONTROL NUMBER | |
| control field | .b19155840 |
| 003 - CONTROL NUMBER IDENTIFIER | |
| control field | YEEZEN |
| 005 - DATE AND TIME OF LATEST TRANSACTION | |
| control field | 20250729142816.0 |
| 008 - FIXED-LENGTH DATA ELEMENTS--GENERAL INFORMATION | |
| fixed length control field | 241105s2024 ch e 000 0 chi d |
| 020 ## - INTERNATIONAL STANDARD BOOK NUMBER | |
| International Standard Book Number | 9786267520390 |
| Qualifying information | (平裝) : |
| Terms of availability | NT$420 |
| 040 ## - CATALOGING SOURCE | |
| Original cataloging agency | CIP |
| Language of cataloging | chi |
| Modifying agency | NTOU |
| Transcribing agency | CIP |
| 042 ## - AUTHENTICATION CODE | |
| Authentication code | nbic |
| 082 ## - DEWEY DECIMAL CLASSIFICATION NUMBER | |
| Classification number | 733.9/127.69 |
| 090 ## - LOCALLY ASSIGNED LC-TYPE CALL NUMBER (OCLC); LOCAL CALL NUMBER (RLIN) | |
| Classification number (OCLC) (R) ; Classification number, CALL (RLIN) (NR) | 733.9/127.69 |
| 100 1# - MAIN ENTRY--PERSONAL NAME | |
| Personal name | 陳貴芳 |
| 245 10 - TITLE STATEMENT | |
| Title | 台南老店散步 : |
| Remainder of title | 回味本町摩登老時光 / |
| Statement of responsibility, etc. | 陳貴芳(鱷魚)文.圖 |
| 246 30 - VARYING FORM OF TITLE | |
| Title proper/short title | 臺南老店散步 |
| 246 30 - VARYING FORM OF TITLE | |
| Title proper/short title | 回味本町摩登老時光 |
| 250 ## - EDITION STATEMENT | |
| Edition statement | 二版 |
| 260 ## - PUBLICATION, DISTRIBUTION, ETC. | |
| Place of publication, distribution, etc. | 臺北市 : |
| Name of publisher, distributor, etc. | 馬可孛羅文化, |
| Date of publication, distribution, etc. | 2024.12 |
| 300 ## - PHYSICAL DESCRIPTION | |
| Extent | 153面 : |
| Other physical details | 彩圖 ; |
| Dimensions | 22公分 |
| 490 1# - SERIES STATEMENT | |
| Series statement | 旅人之星 ; |
| Volume/sequential designation | MS1051X. |
| 650 17 - SUBJECT ADDED ENTRY--TOPICAL TERM | |
| Source of heading or term | lcstt |
| Topical term or geographic name entry element | 遊記 |
| 650 17 - SUBJECT ADDED ENTRY--TOPICAL TERM | |
| Source of heading or term | lcstt |
| Topical term or geographic name entry element | 商店 |
| 651 #7 - SUBJECT ADDED ENTRY--GEOGRAPHIC NAME | |
| Source of heading or term | lcstt |
| Geographic name | 臺南市 |
| 942 ## - ADDED ENTRY ELEMENTS (KOHA) | |
| Source of classification or shelving scheme | 中文圖書分類法 |
| Koha item type | 一般圖書 |
| 撤銷狀態 | 遺失狀態 | 分類號來源 | 損壞狀態 | 不外借 | 永久館藏地 | 現在館藏地 | 書架位置 | 採購日期 | 全部借出 | 完整索書號 | 條碼號 | 最後一次日期記錄 | Date last checked out | 一般價格有效日期 | Koha館藏類型 | 公開資訊 |
|---|---|---|---|---|---|---|---|---|---|---|---|---|---|---|---|---|
| 未註銷館藏 | 未遺失 | 中文圖書分類法 | 未損毀 | 可外借 | 怡仁綜合醫院圖書館 | 怡仁綜合醫院圖書館 | 2025-07-29 | 1 | 733.9/127.69 | C03253 | 2025-10-07 | 2025-10-01 | 2025-07-29 | 一般圖書 | 舊稱「本町」的台南民權路和新美街,是台南人食衣住行離不開的一條老街、也是台南「最多老店集中」的鬧區!打從明清開始、歷經日本統治,一直到光復初期都是台南最繁榮的精華地段,傳承百年至今,搖身成為全國老行業與老店分布最多的街區。 |